I falò dell'autunno

Zapisane w:
Opis bibliograficzny
Format: Książka
Język:angielski
Etykiety: Dodaj etykietę
Nie ma etykietki, Dołącz pierwszą etykiete!

MARC

LEADER 00000nam a2200000 4500
001 CDOM0000005772
003 mi
005 20250719130558.0
008 250719b |||||||| |||| 00| 0 eng d
040 |c mi 
245 1 |a I falò dell'autunno  
942 |2 ddc  |c BK 
952 |0 0  |1 0  |2 ddc  |4 0  |7 0  |9 9235  |a MI  |b MI  |d 2014-09-01  |i 6665  |l 0  |p CDOM6665  |r 2025-07-17 21:50:00  |w 2025-07-17  |y BK 
999 |c 7700  |d 7700